Taylor Swift - Chansons les plus streamés de Midnights - Statistiques

Statistiques générales
  • Ce quiz a été pris 304 fois
    19 depuis la dernière actualisation
  • Le résultat moyen est 11 sur 22
Statistiques - réponses
Streams Chansons % Correct
6,1B Anti-hero
100%
3,1B Karma
92%
2,7B Lavender Haze
92%
1,6B Maroon
75%
2,3B Midnight Rain
67%
2,29B You're On Your Own, Kid
67%
2B Bejeweled
58%
1,03B Labyrinth
50%
1,2B Mastermind
50%
2,2B Snow on The Beach
50%
459M Dear Reader
42%
634M Paris
42%
1,02B The Great War
42%
1,4B Vigilante Shit
42%
652M Bigger Than The Whole Sky
33%
416M Glitch
33%
753M Hits Different
33%
964M Question
33%
975M Would've Could've Should've
33%
992M You're Losing Me
33%
531M High Infidelity
25%
974M Sweet Nothing
25%
Aucun quiz correspondant
Distribution des résultats
% des personnes avec chaque résultat
Percentile par nombre de réponses
Votre historique - résultats
Vous n’avez pas pris ce quiz depuis la dernière actualisation